000 00538nam a22002177a 4500
003 UA-OsUOA
001 44379
007 ta
008 20070221b un ||||| |||| 00| 0 ukr d
100 _aЗахарчук О.
090 _a32
_bЗ-11
942 _cSA
040 _aUA-OsUOA
_bukr
_cUA-OsUOA
_dUA-OsUOA
245 _aУкраїнська дипломатія: історія і сьогодення
300 _aС.219-223
955 _a0
041 _aukr
080 _a32
773 0 _w44372
650 7 _a32 Політика
_2UDC
999 _c330496
_d330496